Central Library OPAC University of Rajshahi

Ancient Rome / (Record no. 24534)

MARC details
000 -LEADER
fixed length control field 00955cam a2200277 a 4500
001 - CONTROL NUMBER
control field 24534
003 - CONTROL NUMBER IDENTIFIER
rucl marc code BD-RjUL
005 - DATE AND TIME OF LATEST TRANSACTION
control field 20211209001050.0
008 - FIXED-LENGTH DATA ELEMENTS--GENERAL INFORMATION
fixed length control field 110224r19661959nyua j b 001 0 eng d
020 ## - INTERNATIONAL STANDARD BOOK NUMBER
International Standard Book Number 9781615305223 (library binding)
035 ## - SYSTEM CONTROL NUMBER
System control number (BD-RjUL)24601
040 ## - CATALOGING SOURCE
Original cataloging agency DLC
Transcribing agency DLC
Modifying agency DLC
-- BD-RjUL
Language of cataloging eng
041 ## - LANGUAGE CODE
Language code of text/sound track or separate title eng
082 00 - DEWEY DECIMAL CLASSIFICATION NUMBER
Classification number 937
Edition number 22
Author mark and year SHA 1966
100 1# - MAIN ENTRY--PERSONAL NAME
Personal name Sherwin-White, Nicholas
9 (RLIN) 75517
245 00 - TITLE STATEMENT
Title Ancient Rome /
Statement of responsibility, etc. Sherwin-White, Nicholas
260 ## - PUBLICATION, DISTRIBUTION, ETC. (IMPRINT)
Place of publication, distribution, etc. Longmans :
Name of publisher, distributor, etc. Britannica Educational Pub. in association with Rosen Educational Services,
Date of publication, distribution, etc. 1959 [Reprinted 1966]
300 ## - PHYSICAL DESCRIPTION
Pagination 92 p. :
Illustrations ill. (some col.) ;
Size 24 cm.
490 0# - SERIES STATEMENT
Series statement Ancient civilizations
504 ## - BIBLIOGRAPHY, ETC. NOTE
Bibliography, etc Includes bibliographical references (p. 83-86) and index.
651 #0 - SUBJECT ADDED ENTRY--GEOGRAPHIC NAME
Geographic name Rome
General subdivision Civilization
Form subdivision Juvenile literature.
9 (RLIN) 75518
Geographic name Rome
General subdivision History
Form subdivision Juvenile literature.
9 (RLIN) 75519
942 ## - ADDED ENTRY ELEMENTS (KOHA)
Source of classification or shelving scheme Dewey Decimal Classification
Koha item type Books
Holdings
Lost status Source of classification or shelving scheme Damaged status Not for loan Collection code Permanent Location Current Location Shelving location Date acquired Source of acquisition Cost, normal purchase price Total Checkouts Full call number Date last seen Copy number Koha item type
  Dewey Decimal Classification     Non-fiction Central Library, University of Rajshahi Central Library, University of Rajshahi   28/12/1968 Zeitlinger 4.00   937 SHA 1966 13/03/2014 C-2 Books